|
|
|
|
| LEADER |
00000nam a22000007a 4500 |
| 005 |
20160419121947.0 |
| 007 |
cr|||| ||u| |
| 008 |
160419s2016 ck ||||| |||| 00||0 spa d |
| 020 |
|
|
|a 978-958-771-296-4
|
| 035 |
|
|
|a 14143
|
| 040 |
|
|
|a vLex
|
| 090 |
|
|
|c 6018
|d 6018
|
| 100 |
1 |
|
|a Leuro Martn̕ez, Mauricio
|
| 245 |
1 |
0 |
|a Facturacin̤ & auditora̕ de cuentas en salud
|h [Recurso electrn̤ico] /
|c Mauricio Leuro Martn̕ez
|
| 256 |
|
|
|a Servicio en ln̕ea
|
| 260 |
|
|
|a Colombia
|b ECOE
|c 2016
|
| 300 |
|
|
|a 1 recurso electrn̤ico (Quinta Edicin̤. 390 Pg̀inas)
|
| 506 |
1 |
|
|a Contenido solo disponible en los productos indicados
|d vLex Global
|d vLex Global (Academic Edition, excluding Law Schools)
|d vLex Global (U.S. Academic Edition, Law Schools)
|d vLex Global (U.S. Academic Edition, excluding Law Schools)
|d vLex Global (Academic Edition, Law Schools)
|
| 650 |
0 |
4 |
|a Auditora̕
|z Colombia
|
| 700 |
0 |
|
|a Tatiana Oviedo Salcedo, Irsa
|
| 740 |
0 |
|
|a vLex libros (servicio en ln̕ea)
|
| 856 |
4 |
0 |
|u http://vlex.com/source/facturacion-auditoria-cuentas-salud-14143
|z Acceso restringido
|
| 942 |
|
|
|c BOOK
|
| 999 |
0 |
|
|a Auditing
|b Colombia
|